00182nam a2200073Ia 4500082001200000245003400012100002100046008004100067 aEJF BLA 0aBetsey Biggalow the detective aBlackman Malorie210817s9999 xx 000 0 und d